Paríž : do vrecka : zaujímavosti, tipy na výlet, všetko po ruke /
Uložené v:
| Hlavný autor: | |
|---|---|
| Ďalší autori: | |
| Médium: | Kniha |
| Jazyk: | Slovak English |
| Vydané: |
Bratislava :
Svojtka & Co.,
2013.
|
| Vydanie: | 1. slov. vyd. |
| Edícia: | Edícia Lonely Planet do vrecka
Do vrecka |
| Témy: | |
| ISBN: |
9788081076718 (brož.) |
| Fyzický popis: |
223 s. : fotogr., mp., plány ; 15 cm. |
| Tagy: |
Pridať tag
Žiadne tagy, Buďte prvý kto otaguje tento záznam!
|
Titul je dostupný aj v ... 

MARC
| LEADER | 00000nam a2200000 a 4500 | ||
|---|---|---|---|
| 001 | 000423607 | ||
| 005 | 20131120075725.0 | ||
| 008 | 130624s2013 xo beo e f 001 0 slo d | ||
| 020 | |a 9788081076718 (brož.) | ||
| 040 | |a SVKKK |b slo |c SVKKK |e AACR2 | ||
| 041 | 1 | |a slo |h eng | |
| 043 | |a e-fr--- | ||
| 044 | |a xo |c SK | ||
| 072 | 7 | |a 913(4) |x Geografia Európy, reálie, cestovanie |2 konspekt | |
| 080 | |a 913(44) |2 2001 | ||
| 080 | |a (036)913 |2 2001 | ||
| 100 | 1 | |a Le Nevez, Catherine | |
| 240 | 1 | 0 | |a Pocket Paris. |l Slovensky |
| 245 | 1 | 0 | |a Paríž : |b do vrecka : zaujímavosti, tipy na výlet, všetko po ruke / |c Catherinbe Le Nevez ; [preklad: Martin Lukáč]. |
| 250 | |a 1. slov. vyd. | ||
| 260 | |a Bratislava : |b Svojtka & Co., |c 2013. | ||
| 300 | |a 223 s. : |b fotogr., mp., plány ; |c 15 cm. | ||
| 490 | 1 | |a Edícia Lonely Planet do vrecka | |
| 490 | 1 | |a Do vrecka | |
| 500 | |a Preklad z angl. vyd. | ||
| 500 | |a Údaj o prekl. prevzatý z tiráže | ||
| 500 | |a Biograf. údaje o aut. | ||
| 504 | |a Register: s. 218-223 | ||
| 651 | 7 | |a Paríž (Francúzsko) |2 SVKKKPH | |
| 655 | 7 | |a turistický sprievodca |2 SVKKKPH | |
| 700 | 1 | |a Lukáč, Martin |4 trl | |
| 765 | 0 | |t Pocket Paris. Slovensky |a Le Nevez, Catherine | |
| 830 | 0 | |a Edícia Lonely Planet do vrecka | |
| 830 | 0 | |a Do vrecka | |
| 910 | |a svkkk | ||
| 919 | |a 978-80-8107-671-8 | ||
| 998 | |a BK | ||
| 090 | |g SCKHL |k Študovňa kníh |a I.81177 |j 1047430 |i 2720298197 |s Príručka / Študovňa | ||